000 00348nam a22001453 4500
001 206760
005 20250610135234.0
090 _a206760
100 _a20250610 ukry50
101 _aukr
102 _aUA
200 _a
210 _d2025
801 _2unimarc
_aUA
_gpsbo
942 _cNEWSPAPER